Sports Quiz

Random Sports or Football Quiz

Cincinnati Bengals Playoff Wins Quiz Stats

 Plays Quiz not verified by Sporcle

Score 0/5 Timer 02:00
0 Plays Today
Season Team % Correct
1981San Diego Chargers
90.9%
1988Buffalo Bills
81.8%
1981Buffalo Bills
77.3%
1990Houston Oilers
72.7%
1988Seattle Seahawks
70.5%

You're not logged in!

Compare scores with friends on all Sporcle quizzes.
OR
Log In

Sporcle TV

Today on Sporcle TV


Watch our educational content, quiz creation guides, and fun videos on Sporcle TV.

Show Comments

Extras

Top Quizzes Today


Score Distribution

Your Account Isn't Verified!

In order to create a playlist on Sporcle, you need to verify the email address you used during registration. Go to your Sporcle Settings to finish the process.

Report this User

Report this user for behavior that violates our Community Guidelines.

Details: